The Kilgour collection of Russian literature, 1750-1920 /

Bibliographic Details
Corporate Author: Harvard University. Library
Format: Book
Language:English
Subjects:

MARC

Tag First Indicator Second Indicator Subfields
LEADER 00000cam a2200000 4500
001 in00000692913
005 20151016054241.0
008 750421s1959 mauah bc 00010 eng u
010 |a  59000942  
035 |a (OCoLC)01290338 
035 |9 ADC3576AM 
040 |c MIA  |d TXA  |d UtOrBLW 
049 |a TXAM  |c [310754] 
050 0 0 |a Z2491.5  |b .H3 
082 0 |a 016.8917 
092 |a 891.7  |b A1H339k 
110 2 |a Harvard University.  |b Library. 
245 1 4 |a The Kilgour collection of Russian literature, 1750-1920 /  |c with notes on early books and manuscripts of the 16th and 17th centuries. 
264 2 |a Cambridge, Mass. :  |b Harvard College Library; distributed by the Harvard University Press,  |c 1959. 
300 |a 1 volume (unpaged) :  |b illustrations, facsimiles ;  |c 29 cm. 
336 |a text  |b txt  |2 rdacontent 
337 |a unmediated  |b n  |2 rdamedia 
338 |a volume  |b nc  |2 rdacarrier 
650 0 |a Russian literature  |v Bibliography  |v Catalogs. 
999 |a MARS 
999 f f |s 3ed1b8a5-4864-322e-bc06-a3dfa5650450  |i 465a9069-18a4-3428-86c9-5bed4bdecf88  |t 0 
952 f f |p ric  |a Texas A&M University  |b Rellis Campus  |c Joint Library Facility  |d Remote Storage  |t 0  |e Z2491.5 .H3  |h Library of Congress classification  |i unmediated -- volume  |m A14801394548 
998 f f |a Z2491.5 .H3  |t 0  |l Remote Storage